| 000 | 00389nam a2200157Ia 4500 | ||
|---|---|---|---|
| 008 | 210210b1972 xxu||||| |||| 00| 0 eng d | ||
| 020 | _a0 451 51656 7 | ||
| 082 | _a822.9 ROSC | ||
| 100 | _aROSTAND (Edmond). | ||
| 245 | _aCyrano Debergerac. | ||
| 260 |
_aNew York. _bNew American Library., _c1972 |
||
| 300 | _ax,220 | ||
| 650 | _aComedy | ||
| 690 | _aEnglish Drama | ||
| 906 | _a039762 | ||
| 999 |
_c90060 _d90060 |
||